Svařování plamenem : Učební pomůcka ke školení svařečů v praxi a přehled k opakování učiva /

Salvato in:
Dettagli Bibliografici
Autore principale: Kříž, Václav (Autore)
Natura: Libro
Lingua:ceco
Pubblicazione: Praha : SNTL, 1960
Edizione:1.vyd.
Soggetti:
Tags: Aggiungi Tag
Nessun Tag, puoi essere il primo ad aggiungerne!!

MARC

LEADER 00000nam a22000003a 4500
001 stu39949
005 20150617225721.4
008 930322s1960----cs------------------cze-d
040 |a STU  |b slo 
041 0 |a cze 
044 |a cs 
080 |a 621.791.5 
100 1 |a Kříž, Václav  |4 aut 
245 1 |a Svařování plamenem :  |b Učební pomůcka ke školení svařečů v praxi a přehled k opakování učiva /  |c [aut.]Václav Kříž 
250 |a 1.vyd. 
260 |a Praha :  |b SNTL,  |c 1960 
300 |a 75 s 
650 7 |a zváranie plameňom  |2 stusub 
996 |b MB 167  |c M*B-167  |l MMKN  |s A  |a 24  |w stu39949_0001